Capital cities beginning with S - Statistics

General Stats
  • This quiz has been taken 283 times
  • The average score is 14 of 18
Answer Stats
Country Capital % Correct
Singapore Singapore
92%
Sweden Stockholm
92%
San Marino San Marino
90%
Chile Santiago
90%
South Korea Seoul
90%
Bulgaria Sofia
89%
El Salvador San Salvador
88%
Bosnia and Herzegovina Sarajevo
83%
Costa Rica San Jose
80%
Yemen Sana'a
79%
São Tomé and Príncipe São Tomé
79%
Macedonia Skopje
74%
Domincan Republic Santo Domingo
72%
Fiji Suva
65%
Bolivia (constitutional) Sucre
63%
Antigua and Barbuda St John's
61%
Grenada St George's
55%
Sri Lanka (official capital) Sri Jayawardenepura Kotte
28%
No matching quizzes found
Score Distribution
Percent of People with Each Score
Percentile by Number Answered
Your Score History
You have not taken this quiz